Samaj sanskriti itihas (Record no. 6961)
[ view plain ]
| 000 -LEADER | |
|---|---|
| fixed length control field | 00598cam a2200229ua 4500 |
| 008 - FIXED-LENGTH DATA ELEMENTS--GENERAL INFORMATION | |
| fixed length control field | 141229n ii |||gr||||Z||||||ben |
| 020 ## - INTERNATIONAL STANDARD BOOK NUMBER | |
| International Standard Book Number | 817756000X |
| 040 ## - CATALOGING SOURCE | |
| Transcribing agency | MAIN |
| 041 ## - LANGUAGE CODE | |
| -- | ben |
| 082 ## - DEWEY DECIMAL CLASSIFICATION NUMBER | |
| Classification number | 891.444 |
| 100 ## - MAIN ENTRY--PERSONAL NAME | |
| Personal name | Chakraborty, R., |
| Relator term | |
| 245 1# - TITLE STATEMENT | |
| Title | Samaj sanskriti itihas |
| Statement of responsibility, etc. | Edited by Ranbir Chakraborty |
| 250 ## - EDITION STATEMENT | |
| Edition statement | 1st. |
| 260 ## - PUBLICATION, DISTRIBUTION, ETC. | |
| Place of publication, distribution, etc. | 318p.: |
| Name of publisher, distributor, etc. | Ananda, |
| Date of publication, distribution, etc. | 2009. |
| 300 ## - PHYSICAL DESCRIPTION | |
| Extent | 320p. |
| 700 ## - ADDED ENTRY--PERSONAL NAME | |
| Personal name | Chakraborty, K., |
| Relator term | |
| 700 ## - ADDED ENTRY--PERSONAL NAME | |
| Personal name | Bandyopadhyay, A., |
| Relator term | |
| 942 ## - ADDED ENTRY ELEMENTS (KOHA) | |
| Koha item type | Books |
| 653 ## - INDEX TERM--UNCONTROLLED | |
| Uncontrolled term | East Indo-European & Celtic literatures |
| 653 ## - INDEX TERM--UNCONTROLLED | |
| Uncontrolled term | Bengali essays |
| Withdrawn status | Lost status | Damaged status | Not for loan | Home library | Current library | Date acquired | Total Checkouts | Full call number | Barcode | Date last seen | Copy number | Price effective from | Koha item type |
|---|---|---|---|---|---|---|---|---|---|---|---|---|---|
| Central Library, Naharkatiya College | Central Library, Naharkatiya College | 19/09/2020 | 891.444 | SAM | 20887 | 19/09/2020 | 1 | 19/09/2020 | Books |
